000 00316nam a22001337a 4500
008 170928b xxu||||| |||| 00| 0 eng d
020 _a9780872075924
041 _aeng
080 _a37
100 _a47
101 _aEDU
245 _aWHY JANE AND JOHN COULDN'T READ AN HOW THEY LEARNED
_cFINK,R
942 _2udc
_cBK
999 _c30486
_d30486